| 000 | 00360 a2200145 4500 | ||
|---|---|---|---|
| 020 | _a9695191185 | ||
| 082 | _a181.07 | ||
| 090 |
_c5996 _d5996 |
||
| 100 | _aRahman,Fazlur. | ||
| 245 |
_aThe Philosophy of Mulla Sadra. _cFazlur Rahman. |
||
| 260 |
_aLahore. _bShail Academy. _c2005. |
||
| 300 | _a277p. | ||
| 500 | _aHardcover. | ||
| 942 |
_aNBS _cBK _k181.07 FAZ |
||
| 999 |
_c348385 _d348385 |
||